Endurance test (Record no. 68694)

MARC details
000 -LEADER
fixed length control field 01119cam a2200265 4500
001 - CONTROL NUMBER
control field ABS64618
008 - FIXED-LENGTH DATA ELEMENTS--GENERAL INFORMATION
fixed length control field 011026n2001 000 0 eng u
035 ## - SYSTEM CONTROL NUMBER
System control number (Sirsi) u115342
100 ## - MAIN ENTRY--PERSONAL NAME
Personal name Bowdler, N
245 ## - TITLE STATEMENT
Title Endurance test
260 ## - PUBLICATION, DISTRIBUTION, ETC.
Date of publication, distribution, etc. 2001
490 ## - SERIES STATEMENT
Series statement Building Design
Volume/sequential designation (1503) 28 September 2001, 10-11(2)
520 ## - SUMMARY, ETC.
Summary, etc. A recent report by the Institute for Public Policy Research (IPPR), "Building better partnerships" claims that PFI is a flawed process that needs radical rethinking. Presents views from CABE and RIBA who are both lobbying government over PFI, and discusses the design aspects of a number of PFI hospital schemes. Argues that the emphasis on value for money at the core of PFI can go against good design, putting developers before architects.
590 ## - LOCAL NOTE (RLIN)
Local note ABS
650 ## - SUBJECT ADDED ENTRY--TOPICAL TERM
Topical term or geographic name entry element PFI
650 ## - SUBJECT ADDED ENTRY--TOPICAL TERM
Topical term or geographic name entry element ARCHITECTURE
650 ## - SUBJECT ADDED ENTRY--TOPICAL TERM
Topical term or geographic name entry element HOSPITALS
650 ## - SUBJECT ADDED ENTRY--TOPICAL TERM
Topical term or geographic name entry element PRIVATE FINANCE INITIATIVE
650 ## - SUBJECT ADDED ENTRY--TOPICAL TERM
Topical term or geographic name entry element INSTITUTE FOR PUBLIC POLICY RESEARCH
650 ## - SUBJECT ADDED ENTRY--TOPICAL TERM
Topical term or geographic name entry element PUBLIC SECTOR
650 ## - SUBJECT ADDED ENTRY--TOPICAL TERM
Topical term or geographic name entry element SCHOOLS
650 ## - SUBJECT ADDED ENTRY--TOPICAL TERM
Topical term or geographic name entry element BUILT ENVIRONMENT-CONSTRUCTION DESIGN
690 ## - LOCAL SUBJECT ADDED ENTRY--TOPICAL TERM (OCLC, RLIN)
Topical term or geographic name as entry element BUILT ENVIRONMENT
942 ## - ADDED ENTRY ELEMENTS (KOHA)
Suppress in OPAC 0
Holdings
Withdrawn status Lost status Source of classification or shelving scheme Damaged status Not for loan Home library Current library Shelving location Date acquired Total Checkouts Full call number Barcode Date last seen Copy number Price effective from Koha item type
    Dewey Decimal Classification     London London Journal article 26/10/2001   ABS64618 115342-1001 06/08/2019 1 06/08/2019 Journal article